| 000 | 00592nam a2200193 a 4500 | ||
|---|---|---|---|
| 005 | 20140310183303.0 | ||
| 008 | 050705s19uu xx 00 eng d | ||
| 020 | _a8179920135 | ||
| 050 |
_aHM 136 _b.Sc425 2002 |
||
| 100 | _aScott, Gini Graham | ||
| 245 |
_aWork with me! : _bresolving everyday conflict in your organization / _cGini Graham Scott. |
||
| 260 |
_aMumbai : _bJaico Publishing House, _c2002. |
||
| 300 |
_axvii, 162 p. : _bill. ; _c24 cm. |
||
| 521 | _aBSBA | ||
| 650 | _aConflict management. | ||
| 650 | _aPsychology, Industrial. | ||
| 942 |
_cBK _2lcc _kFOR |
||
| 999 |
_c21026 _d21026 |
||